000 00933nam a22001337a 4500
040 _cRUA
082 _aAGR KHE 2015 B475 Or.1
100 _aKHEM TAINGLEANG; ខែម តាំងលាង
245 _aStudy on population dynamic of insect pests and natural enemies in cauliflower fields using conventional insecticide at dey eth commune, kien svay district, kandal province; ការសិក្សាពីបម្រៃបម្រួលប្រជាករសត្វល្អិតចង្រៃ និងសត្វមានប្រយោជន៍ក្នុងចម្ការដំណាំខាត់ណាផ្កាដែលប្រើប្រាស់ថ្នាំកម្ចាត់សត្វល្អិតនៅឃុំដីឥដ្ឋ ស្រុកកៀនស្វាយ
260 _aPhnom Penh
_bRUA
_c2015
300 _ax;50p;
_bill;
_c29cm;
856 _uKHEM TAINGLEANG
942 _cAGR
999 _c10406
_d10406